| 000 | 00507nam a2200157 i 4500 | ||
|---|---|---|---|
| 001 | 46865 | ||
| 003 | ES-MaACL | ||
| 005 | 20230906161448.0 | ||
| 007 | t| | ||
| 008 | 030401s1973 sp ||||1| spa d | ||
| 110 | 2 |
_aConsejo Económico Social de la Zona del Marmol (Almería) _93205 |
|
| 245 | 1 | 0 |
_aConsejo Económico Social Sindical de la Zona del Marmol _b: I Pleno. |
| 260 |
_a[Almería : _bs.n., _c1973] |
||
| 300 |
_a184 p. : _b4 map. pleg., 4 gráf. ; _c21 cm. |
||
| 852 |
_aES-MaACL _jC-52051 _bR.85303 |
||
| 999 |
_c46865 _d46865 |
||